Cross currents

Bibliographic Details
Previous Title:Religion & intellectual life (Online)
Corporate Author: Association for Religion & Intellectual Life
Format: Electronic Journal
Language:English
Published: West Nyack, N.Y. : Convergence, Inc.
Subjects:
Online Access:Full text available from Research Library: 01/01/1992 to 12/31/2010

MARC

LEADER 00000nas a2200000 a 4500
001 ssj0006247
003 WaSeSS
005 20200512172242.0
006 m d
007 cr n
008 980407c19509999nyuqr pss 0 a0eng c
010 |a sn 98048229  
015 |a GBB350864  |2 bnb 
016 7 |a 014685081  |2 Uk 
022 |a 1939-3881  |l 0011-1953  |y 0011-1953 
035 |a (WaSeSS)ssj0006247 
037 |a 22573/cttb9x9jq  |b JSTOR 
040 |a FGA  |b eng  |c FGA  |d OCL  |d WAU  |d OCLCQ  |d ATL  |d OCL  |d NSD  |d ATL  |d GUA  |d OCLCQ  |d GUA  |d UKMGB  |d OCLCQ  |d OCLCO  |d OCLCQ  |d OCLCF  |d OCLCO  |d TEF  |d CGU  |d OCLCQ  |d CGU  |d NLE  |d OCLCQ  |d VT2  |d OCLCQ  |d LVT  |d XFH  |d FIE  |d NJT  |d WaSeSS 
042 |a pcc  |a nsdp 
050 1 4 |a BR1 
082 1 0 |a 205  |2 14 
130 0 |a Cross currents (Online) 
210 0 |a Cross curr.  |b (Online) 
222 0 |a Cross currents  |b (Online) 
245 1 0 |a Cross currents  |h [electronic resource]. 
246 3 |a Crosscurrents 
260 |a West Nyack, N.Y. :  |b Convergence, Inc. 
310 |a Quarterly 
362 1 |a Print began with vol. 1, no. 1 (fall 1950). 
506 |a License restrictions may limit access. 
538 |a Mode of access: World Wide Web. 
550 |a Published by: Association for Religion and Intellectual Life, spring 1990- 
588 |a Description based on: Vol. 1, no. 1 (fall 1950); title from cover (ATLASerials, viewed Jan. 14, 2009). 
588 |a Latest issue consulted: Vol. 60, no. 1 (Mar. 2010) (Wiley Interscience, viewed Apr. 22, 2010). 
650 0 |a Theology  |v Periodicals. 
650 0 |a Religion  |v Periodicals. 
650 7 |a Religion.  |2 fast  |0 (OCoLC)fst01093763 
650 7 |a Theology.  |2 fast  |0 (OCoLC)fst01149559 
655 0 |a Electronic journals. 
710 2 |a Association for Religion & Intellectual Life. 
776 1 |t Cross currents  |x 0011-1953  |w (DLC) 55026985  |w (OCoLC)1565510 
780 0 5 |t Religion & intellectual life (Online)  |g spring 1990  |w (DLC) 2004221958  |w (OCoLC)57298727 
856 4 0 |z Full text available from Research Library: 01/01/1992 to 12/31/2010  |u https://search.proquest.com/publication/42212